Préfectures des départements français selon leur Numéro (Aléatoire) - Statistiques

Statistiques générales
  • Ce quiz a été pris 321 fois
    41 depuis la dernière actualisation
  • Le résultat moyen est 8 sur 10
Statistiques - réponses
Numéro du département Préfecture associée % Correct
47 Agen
100%
2A Ajaccio
100%
81 Albi
100%
80 Amiens
100%
49 Angers
100%
16 Angoulême
100%
74 Annecy
100%
62 Arras
100%
32 Auch
100%
15 Aurillac
100%
55 Bar-le-Duc
100%
971 Basse-Terre
100%
60 Beauvais
100%
41 Blois
100%
93 Bobigny
100%
33 Bordeaux
100%
1 Bourg-en-Bresse
100%
18 Bourges
100%
14 Caen
100%
95 Cergy-Pontoise
100%
51 Châlons-en-Champagne
100%
8 Charleville-Mézières
100%
28 Chartres
100%
36 Châteauroux
100%
52 Chaumont
100%
63 Clermont-Ferrand
100%
4 Digne-les-Bains
100%
21 Dijon
100%
88 Épinal
100%
27 Évreux
100%
91 Évry
100%
972 Fort-de-France
100%
5 Gap
100%
2 Laon
100%
85 La Roche-sur-Yon
100%
53 Laval
100%
72 Le Mans
100%
59 Lille
100%
69 Lyon
100%
13 Marseille
100%
77 Melun
100%
48 Mende
100%
57 Metz
100%
3 Moulins
100%
54 Nancy
100%
44 Nantes
100%
58 Nevers
100%
6 Nice
100%
30 Nîmes
100%
45 Orléans
100%
24 Périgueux
100%
86 Poitiers
100%
7 Privas
100%
29 Quimper
100%
76 Rouen
100%
22 Saint-Brieuc
100%
42 Saint-Étienne
100%
50 Saint-Lô
100%
65 Tarbes
100%
83 Toulon
100%
10 Troyes
100%
19 Tulle
100%
78 Versailles
100%
25 Besançon
80%
61 Alençon
75%
2B Bastia
67%
90 Belfort
67%
23 Guéret
67%
71 Mâcon
67%
40 Mont-de-Marsan
67%
79 Niort
67%
75 Paris
67%
974 Saint-Denis
67%
46 Cahors
60%
11 Carcassonne
50%
68 Colmar
50%
38 Grenoble
50%
976 Mamoudzou
50%
66 Perpignan
50%
12 Rodez
50%
31 Toulouse
50%
89 Auxerre
25%
84 Avignon
0%
973 Cayenne
0%
73 Chambéry
0%
94 Créteil
0%
9 Foix
0%
17 La Rochelle
0%
43 Le Puy-en-Velay
0%
87 Limoges
0%
39 Lons-le-Saunier
0%
82 Montauban
0%
34 Montpellier
0%
92 Nanterre
0%
64 Pau
0%
35 Rennes
0%
67 Strasbourg
0%
37 Tours
0%
26 Valence
0%
56 Vannes
0%
70 Vesoul
0%
Aucun quiz correspondant
Distribution des résultats
% des personnes avec chaque résultat
Percentile par nombre de réponses
Votre historique - résultats
Vous n’avez pas pris ce quiz depuis la dernière actualisation